| 000 | 02253nam a2200409 a 4500 | ||
|---|---|---|---|
| 001 | 000015735 | ||
| 003 | DO-SdBNP | ||
| 005 | 20180309133147.0 | ||
| 007 | 000015735 | ||
| 008 | 091118s2014 dr abc 000 0 spa d | ||
| 020 | _a9789945118391 | ||
| 040 |
_aBPMSU _bspa _cBPMSU |
||
| 092 |
_a373.83 _bS678h 1ro. 2014 |
||
| 245 | 0 | 0 |
_aSociedad 1 ; histroria y geografía universal _beducación media / _cAna Iris Almonte Ysiano... [et al.] ; dirección editorial Obdulia García de Escobar Claudia Llibre ; editores Fanny Capellán Almonte , Eric Castro Ricart. |
| 260 |
_aSanto Domingo : _bSantillana, _c2014. |
||
| 300 |
_a295 p. : _bil., mapas., retrs. ; _c28 cm. |
||
| 490 | 1 | _aInnova | |
| 500 | _aEducación média/1er. grado/1er. ciclo | ||
| 505 | 0 |
_gv. 1 : _gHistoria y geografía universal -- _tLas ciencias sociales -- _tLos orígenes de la humanidad -- _tCulturas clásicas de Oriente -- _tCivilización griega -- _tCivilización romana -- _tEl imperio Bizantino -- _tOrígen y expansión del Imperio Islámico -- _tEdad Media y sociedad feudal -- _tProyecto de investigación: La cultura dominicana en la prehistoria y su evolución hasta el siglo XX. _tLa Edad Moderna -- _tLa edad contempóranea -- _tLos cambios en el siglo XX -- _tLa geografía -- _tLa tierra -- _tEl medio físico -- _tLos continentes -- _tLa población mundial -- _tLa economía mundial -- _tEl mundo organizado -- _tProyecto de investigación: Simular un modelo de las Naciones Unidas. |
|
| 650 | 4 |
_aCIENCIAS SOCIALES _xENSEÑANZA SECUNDARIA |
|
| 650 | 4 |
_aCIENCIAS SOCIALES _xESTUDIOS Y EJERCICÍOS |
|
| 650 | 4 |
_aCIENCIAS SOCIALES _xLIBROS DE TEXTOS |
|
| 650 | 4 |
_aCIENCIAS SOCIALES _xEDUCACIÓN SECUNDARIA |
|
| 650 | 4 |
_aEDUCACIÓN SECUNDARIA _zREPÚBLICA DOMINICANA |
|
| 700 | 1 | _aAlmonte Ysiano, Ana Iris | |
| 700 | 1 | 2 |
_aGarcía de Escobar, Obdulia _eed. |
| 700 | 1 | 2 |
_aLlibre, Claudia _eed. |
| 700 | 1 | 2 |
_aCapellán Almonte, Fanny _eed. |
| 700 | 1 | 2 |
_aCastro Ricart, Eric _3ed. |
| 830 | 0 | _aInnova | |
| 910 | _aValidado. Control de calidad MFF | ||
| 942 |
_2ddc _cBK |
||
| 945 | _aRemanejado para la BNPHU / 2018 BT | ||
| 956 |
_aYLOCKWARD _b10 _c20150708 _lBND01 _h1342 |
||
| 956 |
_aVMATEO _b10 _c20150708 _lBPMSU _h00151 |
||
| 956 |
_aLOPEREZ _b10 _c2016 _l20160407 _h0041 |
||
| 999 |
_c7950 _d7950 |
||